000 00508nam a2200193Ia 4500
003 LK-CoDNM
008 010623t1969 xxu||||| |||| 00| 1 sin d
040 _aLK-CoDNM
_dLK-CoDNM
_eLK-CoDNM
041 _asin
080 _a85-2.09 DES
100 _aDe Silva, Y.Ratnapala
245 _aනූතන සිංහල නාට්‍ය
246 _aNuthana Sinhala natya
260 _bM.D.Gunasena
_aColombo
_c1969
300 _b(xvi)266, 18 cm
650 _aDrama
650 _aLiterature
942 _cBK
999 _c107932
_d107932